[Event "SVK-chT 2425"]
[Site "Slovakia"]
[Date "2025.01.18"]
[Round "3.4"]
[White "Zetocha, Claudiu Andrei"]
[Black "Istona, Martin"]
[Result "1/2-1/2"]
[WhiteElo "2294"]
[BlackElo "2218"]
[PlyCount "109"]
[EventDate "2024.11.23"]
[EventType "team-tourn"]
[EventRounds "11"]
[EventCountry "SVK"]
[SourceTitle "CB14_2025"]
[SourceDate "2024.11.01"]
[SourceVersion "1"]
[SourceVersionDate "2024.11.01"]
[SourceQuality "1"]
[WhiteTeam "Bratislava Slovan"]
[BlackTeam "Osuske"]
[WhiteTeamCountry "SVK"]
[BlackTeamCountry "SVK"]

1. c4 Nf6 2. g3 e6 3. Bg2 d5 4. Nf3 a6 5. b3 b6 6. 0-0 Nbd7 7. Bb2 Bb7 8. d3 Bd6 9. Nbd2 0-0 10. Qc2 Re8 11. Rfe1 Rc8 12. cxd5 exd5 13. Bh3 Ra8 14. e4 dxe4 15. dxe4 Ne5 16. Bxe5 Bxe5 17. Rad1 Qe7 18. Bg2 Rad8 19. Rc1 c5 20. Nc4 Bc7 21. e5 Nd7 22. Nd6 Bxd6 23. exd6 Qf6 24. Ng5 Qxg5 25. Bxb7 Nf6 26. Qd3 Qg6 27. Qxa6 Rxd6 28. Rxe8+ Nxe8 29. Qa8 Qe6 30. Kf1 Kf8 31. Re1 Qd7 32. Ba6 Qd8 33. Qb7 Qd7 34. Qb8 Qd8 35. Qb7 Qd7 36. Qxd7 Rxd7 37. Bb5 Rd8 38. Bxe8 Rxe8 39. Rd1 Re6 40. Rd7 h5 41. Rb7 g6 42. f4 Kg7 43. Kf2 Kf6 44. a4 Kg7 45. Kf3 Kf6 46. g4 hxg4+ 47. Kxg4 Rd6 48. h4 Kg7 49. h5 gxh5+ 50. Kxh5 c4 51. bxc4 Rc6 52. Kg5 Rxc4 53. Rxb6 Rxa4 54. f5 Ra1 55. Rc6 1/2-1/2

[Event "SVK-chT 2223"]
[Site "Slovakia"]
[Date "2023.04.02"]
[Round "11.2"]
[White "Istona, Martin"]
[Black "Hrabusa, Matej"]
[Result "0-1"]
[WhiteElo "2217"]
[BlackElo "2334"]
[PlyCount "80"]
[EventDate "2022.10.22"]
[EventType "team-tourn"]
[EventRounds "11"]
[EventCountry "SVK"]
[SourceTitle "EXT 2024"]
[Source "ChessBase"]
[SourceDate "2023.10.10"]
[SourceVersion "1"]
[SourceVersionDate "2023.10.10"]
[SourceQuality "1"]
[WhiteTeam "Osuske"]
[BlackTeam "Liptov Chess School"]
[WhiteTeamCountry "SVK"]
[BlackTeamCountry "SVK"]

1. e4 c5 2. Nf3 d6 3. d4 cxd4 4. Nxd4 Nf6 5. Nc3 a6 6. Bg5 e6 7. f4 h6 8. Bh4 Qb6 9. Qd2 Qxb2 10. Rb1 Qa3 11. Be2 Be7 12. 0-0 Nc6 13. Nxc6 bxc6 14. Kh1 Qa5 15. Bf2 Nd7 16. Qe3 0-0 17. Qg3 Bf6 18. e5 dxe5 19. Ne4 exf4 20. Nxf6+ Nxf6 21. Qxf4 e5 22. Qh4 Qd2 23. Bf3 Be6 24. Rbe1 Qf4 25. Qxf4 exf4 26. Bxc6 Rac8 27. Ba4 Bc4 28. Rg1 Ng4 29. Bb6 Rb8 30. Ba7 Rb7 31. Bc5 Rc8 32. Re8+ Rxe8 33. Bxe8 Bxa2 34. Re1 Ne3 35. Bc6 Rc7 36. Bxe3 fxe3 37. Be4 Rc3 38. Kg1 Bc4 39. Rb1 Bb5 40. g3 g6 0-1

[Event "SVK-chT 2223"]
[Site "Slovakia"]
[Date "2023.04.01"]
[Round "10.2"]
[White "Jurcik, Martin"]
[Black "Istona, Martin"]
[Result "1/2-1/2"]
[WhiteElo "2391"]
[BlackElo "2217"]
[PlyCount "49"]
[EventDate "2022.10.22"]
[EventType "team-tourn"]
[EventRounds "11"]
[EventCountry "SVK"]
[SourceTitle "EXT 2024"]
[Source "ChessBase"]
[SourceDate "2023.10.10"]
[SourceVersion "1"]
[SourceVersionDate "2023.10.10"]
[SourceQuality "1"]
[WhiteTeam "Zilina Mladost"]
[BlackTeam "Osuske"]
[WhiteTeamCountry "SVK"]
[BlackTeamCountry "SVK"]

1. d4 Nf6 2. Bg5 Ne4 3. Bf4 d6 4. Nd2 Nxd2 5. Qxd2 Nd7 6. e4 e5 7. Be3 c6 8. a4 a5 9. Bd3 Be7 10. Ne2 exd4 11. Bxd4 0-0 12. Ng3 Bf6 13. Be2 Nc5 14. 0-0 Re8 15. f3 Bxd4+ 16. Qxd4 Ne6 17. Qc3 d5 18. exd5 Qxd5 19. Rfd1 Qc5+ 20. Qxc5 Nxc5 21. Kf2 Be6 22. Rd4 Rad8 23. Rad1 Rxd4 24. Rxd4 g6 25. Ne4 1/2-1/2

[Event "SVK-chT 2223"]
[Site "Slovakia"]
[Date "2023.02.25"]
[Round "7.2"]
[White "Terbe, Julianna"]
[Black "Istona, Martin"]
[Result "0-1"]
[WhiteElo "2281"]
[BlackElo "2217"]
[PlyCount "88"]
[EventDate "2022.10.22"]
[EventType "team-tourn"]
[EventRounds "11"]
[EventCountry "SVK"]
[SourceTitle "EXT 2024"]
[Source "ChessBase"]
[SourceDate "2023.10.10"]
[SourceVersion "1"]
[SourceVersionDate "2023.10.10"]
[SourceQuality "1"]
[WhiteTeam "Komarno"]
[BlackTeam "Osuske"]
[WhiteTeamCountry "SVK"]
[BlackTeamCountry "SVK"]

1. Nf3 Nf6 2. g3 b6 3. Bg2 Bb7 4. 0-0 g6 5. d4 Bg7 6. c4 0-0 7. d5 Na6 8. Nc3 Nc5 9. Qc2 a5 10. e4 d6 11. Re1 e5 12. b3 Bc8 13. Bb2 Ne8 14. a3 Bd7 15. b4 Nb7 16. Re2 f5 17. exf5 gxf5 18. Ne1 Qg5 19. Nd3 f4 20. Ne4 Qg6 21. f3 fxg3 22. hxg3 Nf6 23. Ndf2 Nh5 24. Nh1 Nd8 25. Bc3 axb4 26. axb4 Nf7 27. Rxa8 Rxa8 28. c5 bxc5 29. bxc5 Bf5 30. cxd6 cxd6 31. Be1 Nf6 32. Qc6 Rc8 33. Nxf6+ Bxf6 34. Qb7 Rc1 35. Qa8+ Kg7 36. Qa3 Rb1 37. Bf1 e4 38. fxe4 Bxe4 39. Bg2 Bd4+ 40. Nf2 Bd3 41. Kf1 Bxe2+ 42. Kxe2 Qc2+ 43. Bd2 Rb2 44. Ne4 Rb3 0-1

[Event "SVK-chT2A 2122"]
[Site "Slovakia"]
[Date "2021.10.17"]
[Round "2.1"]
[White "Balogh, Peter"]
[Black "Istona, Martin"]
[Result "1-0"]
[WhiteElo "2275"]
[BlackElo "2218"]
[PlyCount "63"]
[EventDate "2021.10.16"]
[EventType "team-tourn"]
[EventRounds "11"]
[EventCountry "SVK"]
[SourceTitle "EXT 2023"]
[Source "ChessBase"]
[SourceDate "2022.10.05"]
[SourceVersion "1"]
[SourceVersionDate "2022.10.05"]
[SourceQuality "1"]
[WhiteTeam "Senec"]
[BlackTeam "Osuske II"]
[WhiteTeamCountry "SVK"]
[BlackTeamCountry "SVK"]

1. c4 e6 2. Nc3 d5 3. d4 Nf6 4. cxd5 exd5 5. Bg5 c6 6. Qc2 h6 7. Bh4 Be7 8. e3 0-0 9. Bd3 Nbd7 10. Nge2 Re8 11. 0-0 Ne4 12. Bxe7 Qxe7 13. Rae1 Ndf6 14. f3 Nxc3 15. Nxc3 c5 16. e4 cxd4 17. Nxd5 Nxd5 18. exd5 Qxe1 19. Rxe1 Rxe1+ 20. Kf2 Re8 21. Qc7 a6 22. g4 Kf8 23. Qc5+ Kg8 24. Qd6 g6 25. h4 Kg7 26. a4 Rf8 27. a5 f6 28. h5 gxh5 29. gxh5 Rf7 30. Bg6 Rd7 31. Qc5 b5 32. Bf5 1-0

[Event "SVK-chT2A 2122"]
[Site "Slovakia"]
[Date "2021.10.16"]
[Round "1.1"]
[White "Istona, Martin"]
[Black "Pacher, Milan"]
[Result "1/2-1/2"]
[WhiteElo "2218"]
[BlackElo "2378"]
[PlyCount "69"]
[EventDate "2021.10.16"]
[EventType "team-tourn"]
[EventRounds "11"]
[EventCountry "SVK"]
[SourceTitle "EXT 2023"]
[Source "ChessBase"]
[SourceDate "2022.10.05"]
[SourceVersion "1"]
[SourceVersionDate "2022.10.05"]
[SourceQuality "1"]
[WhiteTeam "Osuske II"]
[BlackTeam "Trnava Sered"]
[WhiteTeamCountry "SVK"]
[BlackTeamCountry "SVK"]

1. e4 c5 2. Nf3 Nc6 3. Nc3 Nf6 4. d4 cxd4 5. Nxd4 e5 6. Ndb5 d6 7. Bg5 a6 8. Na3 b5 9. Nd5 Be7 10. Bxf6 Bxf6 11. c3 Ne7 12. Nxf6+ gxf6 13. Bd3 Rg8 14. g3 Bg4 15. f3 Be6 16. Qe2 Qb6 17. Nc2 Rd8 18. Ne3 d5 19. exd5 Nxd5 20. Nxd5 Bxd5 21. 0-0-0 Bxa2 22. Bxh7 Rh8 23. Rd4 Rd6 24. Rxd6 Qc7 25. Rd8+ Qxd8 26. Rd1 Qc8 27. Bc2 Be6 28. Qd2 a5 29. f4 Qc7 30. fxe5 fxe5 31. Qg5 Rxh2 32. Qg8+ Ke7 33. Qg5+ Ke8 34. Qg8+ Ke7 35. Qg5+ 1/2-1/2

[Event "SVK-ch"]
[Site "Podhajska"]
[Date "2021.09.25"]
[Round "5"]
[White "Pacher, Milan"]
[Black "Istona, Martin"]
[Result "1-0"]
[WhiteElo "2415"]
[BlackElo "2198"]
[PlyCount "111"]
[EventDate "2021.09.21"]
[EventType "tourn"]
[EventRounds "9"]
[EventCountry "SVK"]
[EventCategory "8"]
[SourceTitle "CBM 204 Extra"]
[Source "ChessBase"]
[SourceDate "2021.11.30"]
[SourceVersion "1"]
[SourceVersionDate "2021.11.30"]
[SourceQuality "1"]

1. e4 c5 2. Nf3 Nc6 3. d4 cxd4 4. Nxd4 Nf6 5. Nc3 e5 6. Ndb5 d6 7. Bg5 a6 8. Na3 b5 9. Nd5 Be7 10. Bxf6 Bxf6 11. c3 Bg5 12. Nc2 Rb8 13. a3 0-0 14. Ncb4 Bb7 15. h4 Bh6 16. g4 f6 17. Bd3 a5 18. Nxc6 Bxc6 19. Bc2 Kh8 20. Qd3 Bxd5 21. Qxd5 Qb6 22. Rd1 b4 23. cxb4 axb4 24. Qxd6 bxa3 25. Qxb6 Rxb6 26. bxa3 Rb2 27. Ba4 Ra2 28. Rh3 g6 29. Bb5 Rc8 30. Rhd3 Bc1 31. a4 Ba3 32. Rd8+ Rxd8 33. Rxd8+ Kg7 34. Rd7+ Kf8 35. Rxh7 Ra1+ 36. Ke2 Bc5 37. h5 gxh5 38. gxh5 Ra2+ 39. Kd3 Rxf2 40. a5 Kg8 41. Rb7 f5 42. a6 fxe4+ 43. Kxe4 Rh2 44. Be8 Kf8 45. Bg6 Rh4+ 46. Kd5 Bd4 47. Ke6 Kg8 48. a7 Bxa7 49. Rxa7 Rb4 50. Bh7+ Kh8 51. Bf5 Rb8 52. Kf6 Rb6+ 53. Kg5 Rb8 54. Kh6 Kg8 55. Be6+ Kf8 56. Kg6 1-0

[Event "Skalica op"]
[Site "Skalica"]
[Date "2021.08.29"]
[Round "9"]
[White "Istona, Martin"]
[Black "Bures, Vit"]
[Result "0-1"]
[WhiteElo "2257"]
[BlackElo "2144"]
[PlyCount "56"]
[EventDate "2021.08.21"]
[EventType "swiss"]
[EventRounds "9"]
[EventCountry "SVK"]
[SourceTitle "CBM 204 Extra"]
[Source "ChessBase"]
[SourceDate "2021.11.30"]
[SourceVersion "1"]
[SourceVersionDate "2021.11.30"]
[SourceQuality "1"]

1. c4 Nf6 2. Nc3 c5 3. Nf3 e6 4. d4 cxd4 5. Nxd4 Nc6 6. g3 Qb6 7. Ndb5 Ne5 8. Bg2 Nxc4 9. 0-0 a6 10. Qa4 Bc5 11. Qxc4 axb5 12. Qxb5 Ke7 13. Bf4 Qxb5 14. Nxb5 d5 15. e4 Nxe4 16. Bxe4 dxe4 17. Rac1 b6 18. b4 Bxb4 19. Rc7+ Kf6 20. Rb1 Bc5 21. Nc3 Kg6 22. Nxe4 Bd4 23. Rb5 f6 24. h4 h5 25. g4 e5 26. gxh5+ Kf5 27. Ng3+ Kxf4 28. Rxg7 Rxa2 0-1

[Event "Skalica Masters op"]
[Site "Skalica"]
[Date "2020.08.26"]
[Round "5"]
[White "Istona, Martin"]
[Black "Sarkozi, Szabolcs"]
[Result "1-0"]
[WhiteElo "2267"]
[BlackElo "2046"]
[PlyCount "85"]
[EventDate "2020.08.23"]
[EventType "swiss"]
[EventRounds "9"]
[EventCountry "SVK"]
[SourceTitle "CBM 198 Extra"]
[Source "ChessBase"]
[SourceDate "2020.11.30"]
[SourceVersion "1"]
[SourceVersionDate "2020.11.30"]
[SourceQuality "1"]

1. e4 c5 2. Nf3 Nc6 3. d4 cxd4 4. Nxd4 Nf6 5. Nc3 e5 6. Ndb5 d6 7. Bg5 a6 8. Na3 b5 9. Bxf6 gxf6 10. Nd5 f5 11. Bd3 Be6 12. 0-0 Bg7 13. Qh5 f4 14. Rac1 0-0 15. c4 b4 16. Nc2 Rb8 17. Ne1 Nd4 18. Nf3 Nxf3+ 19. gxf3 b3 20. a3 f5 21. exf5 Bxd5 22. f6 Rxf6 23. Bxh7+ Kf8 24. cxd5 Qd7 25. Be4 Ke7 26. Rc3 Rg8 27. Qh7 Kf8 28. Rfc1 Bh6+ 29. Kf1 Qxh7 30. Bxh7 Rg5 31. Rxb3 Rf7 32. h4 Rgg7 33. Rb8+ Ke7 34. Bg8 Rf5 35. Be6 Rh5 36. Rc7+ Kf6 37. Rf8+ Kg6 38. Bf7+ Kh7 39. Rcc8 Rxf7 40. Rxf7+ Kg6 41. Rd7 Rxh4 42. Rxd6+ Kf5 43. Rh8 1-0

[Event "Drienica Saris op"]
[Site "Drienica"]
[Date "2020.08.11"]
[Round "5"]
[White "Istona, Martin"]
[Black "Macko, Michal"]
[Result "1/2-1/2"]
[WhiteElo "2267"]
[BlackElo "2142"]
[PlyCount "53"]
[EventDate "2020.08.07"]
[EventType "swiss"]
[EventRounds "9"]
[EventCountry "SVK"]
[SourceTitle "CBM 197 Extra"]
[Source "ChessBase"]
[SourceDate "2020.09.30"]
[SourceVersion "1"]
[SourceVersionDate "2020.09.30"]
[SourceQuality "1"]

1. e4 e6 2. d4 d5 3. e5 c5 4. c3 Nc6 5. Nf3 Bd7 6. Be2 Nge7 7. 0-0 Ng6 8. g3 Be7 9. h4 0-0 10. h5 Nh8 11. dxc5 Bxc5 12. c4 dxc4 13. Bxc4 Qc7 14. Bf4 b5 15. Bd3 Nb4 16. Be4 Bc6 17. Ng5 g6 18. Qg4 Bxe4 19. Nxe4 Be7 20. Nf6+ Bxf6 21. exf6 Qc5 22. Be3 Qc4 23. Qg5 Nd5 24. Nc3 h6 25. Qe5 Nxc3 26. bxc3 Qg4 27. Rad1 1/2-1/2

[Event "Drienica Saris op"]
[Site "Drienica"]
[Date "2020.08.10"]
[Round "4"]
[White "Bures, Jaroslav"]
[Black "Istona, Martin"]
[Result "1/2-1/2"]
[WhiteElo "2396"]
[BlackElo "2267"]
[PlyCount "47"]
[EventDate "2020.08.07"]
[EventType "swiss"]
[EventRounds "9"]
[EventCountry "SVK"]
[SourceTitle "CBM 197 Extra"]
[Source "ChessBase"]
[SourceDate "2020.09.30"]
[SourceVersion "1"]
[SourceVersionDate "2020.09.30"]
[SourceQuality "1"]

1. d4 Nf6 2. c4 e6 3. Nc3 d5 4. cxd5 exd5 5. Bg5 Bb4 6. a3 Bxc3+ 7. bxc3 h6 8. Bxf6 Qxf6 9. e3 0-0 10. Nf3 c5 11. Be2 Be6 12. Rb1 b6 13. 0-0 Nd7 14. Nd2 Rac8 15. Bf3 Rfd8 16. Qa4 Rc7 17. Rb2 Qe7 18. h3 Nf6 19. Ra1 Rdc8 20. Qd1 cxd4 21. cxd4 Rc3 22. Rb3 Qc7 23. Rxc3 Qxc3 24. Nf1 1/2-1/2

[Event "CZE-chT2A 1920"]
[Site "Czech Republic"]
[Date "2020.06.28"]
[Round "11.3"]
[White "Trichkov, Vasil"]
[Black "Istona, Martin"]
[Result "1/2-1/2"]
[WhiteElo "2319"]
[BlackElo "2269"]
[PlyCount "96"]
[EventDate "2019.10.13"]
[EventType "team-tourn"]
[EventRounds "11"]
[EventCountry "CZE"]
[SourceTitle "EXT 2024"]
[Source "ChessBase"]
[SourceDate "2023.10.10"]
[SourceVersion "1"]
[SourceVersionDate "2023.10.10"]
[SourceQuality "1"]
[WhiteTeam "Praha Bohemians"]
[BlackTeam "Pankrac II"]
[WhiteTeamCountry "CZE"]
[BlackTeamCountry "CZE"]

1. d4 Nf6 2. Nf3 e6 3. g3 d5 4. Bg2 c5 5. 0-0 cxd4 6. Nxd4 Bc5 7. c4 Nc6 8. Nb3 Bb6 9. cxd5 exd5 10. Nc3 d4 11. Na4 0-0 12. Bg5 Re8 13. Nxb6 axb6 14. Qd3 h6 15. Bf4 Bg4 16. Rfe1 Qd7 17. Qb5 Rad8 18. e4 g5 19. Bd2 Ne5 20. Qxb6 Re6 21. Qb4 Nf3+ 22. Bxf3 Bxf3 23. Nc5 Qc8 24. Nxe6 Qxe6 25. Qb3 Qxb3 26. axb3 Nxe4 27. Ba5 Rd5 28. Ra4 b5 29. Raa1 f5 30. h3 d3 31. Rxe4 fxe4 32. Bd2 Rc5 33. Rc1 Rxc1+ 34. Bxc1 Be2 35. h4 gxh4 36. gxh4 h5 37. Kh2 Kf7 38. Kg3 Ke6 39. Kf4 Kd5 40. Bd2 Bd1 41. b4 Bf3 42. Ke3 Ke5 43. Bc3+ Kf5 44. Bd4 Kg4 45. Bf6 Kh3 46. Be7 Kg2 47. Bc5 Kf1 48. Kd2 Bg4 1/2-1/2

[Event "CZE-chT1W 1920"]
[Site "Czech Republic"]
[Date "2020.03.01"]
[Round "9.4"]
[White "Istona, Martin"]
[Black "Vorisek, Jakub"]
[Result "0-1"]
[WhiteElo "2250"]
[BlackElo "2182"]
[PlyCount "76"]
[EventDate "2019.10.20"]
[EventType "team-tourn"]
[EventRounds "11"]
[EventCountry "CZE"]
[SourceTitle "CBM 195 Extra"]
[Source "ChessBase"]
[SourceDate "2020.05.31"]
[SourceVersion "1"]
[SourceVersionDate "2020.05.31"]
[SourceQuality "1"]
[WhiteTeam "Pankrac"]
[BlackTeam "Vlasim Spartak"]
[WhiteTeamCountry "CZE"]
[BlackTeamCountry "CZE"]

1. e4 e6 2. d4 d5 3. e5 c5 4. c3 Nc6 5. Nf3 Bd7 6. Be2 Nge7 7. Na3 cxd4 8. cxd4 Ng6 9. h4 Be7 10. h5 Nh4 11. Nxh4 Bxh4 12. h6 g6 13. Nc2 0-0 14. Be3 Be7 15. 0-0 f6 16. exf6 Bxf6 17. Ne1 Qb6 18. Nf3 Qxb2 19. Rb1 Qxa2 20. Rxb7 Rad8 21. Bb5 a6 22. Rxd7 axb5 23. Rc7 Rc8 24. Rxc8 Rxc8 25. Bg5 Bh8 26. Re1 Re8 27. Re2 Qa4 28. Qc1 b4 29. Rc2 Nxd4 30. Nxd4 Bxd4 31. Qf4 Qxc2 32. Qxd4 Qc3 33. Qa7 Rf8 34. Be3 b3 35. Bd4 Qc1+ 36. Kh2 Qxh6+ 37. Kg1 Qc1+ 38. Kh2 Qf4+ 0-1

[Event "CZE-chT1W 1920"]
[Site "Czech Republic"]
[Date "2020.01.19"]
[Round "6.2"]
[White "Vyprachticky, David"]
[Black "Istona, Martin"]
[Result "1/2-1/2"]
[WhiteElo "2250"]
[BlackElo "2250"]
[PlyCount "38"]
[EventDate "2019.10.20"]
[EventType "team-tourn"]
[EventRounds "11"]
[EventCountry "CZE"]
[SourceTitle "CBM 194 Extra"]
[Source "ChessBase"]
[SourceDate "2020.03.31"]
[SourceVersion "1"]
[SourceVersionDate "2020.03.31"]
[SourceQuality "1"]
[WhiteTeam "Praha Oaza"]
[BlackTeam "Pankrac"]
[WhiteTeamCountry "CZE"]
[BlackTeamCountry "CZE"]

1. e4 c5 2. Nf3 Nc6 3. d4 cxd4 4. Nxd4 Nf6 5. Nc3 e5 6. Ndb5 d6 7. Bg5 a6 8. Na3 b5 9. Bxf6 gxf6 10. Nd5 f5 11. Bd3 Be6 12. c3 Bg7 13. Nxb5 axb5 14. Bxb5 Bd7 15. exf5 Nb8 16. a4 Bxb5 17. axb5 Rxa1 18. Qxa1 Nd7 19. Qa6 Nf6 1/2-1/2

[Event "CZE-chT2A 1920"]
[Site "Czech Republic"]
[Date "2019.12.15"]
[Round "5.2"]
[White "Koubova, Anna Marie"]
[Black "Istona, Martin"]
[Result "0-1"]
[WhiteElo "2099"]
[BlackElo "2269"]
[PlyCount "44"]
[EventDate "2019.10.13"]
[EventType "team-tourn"]
[EventRounds "11"]
[EventCountry "CZE"]
[SourceTitle "EXT 2024"]
[Source "ChessBase"]
[SourceDate "2023.10.10"]
[SourceVersion "1"]
[SourceVersionDate "2023.10.10"]
[SourceQuality "1"]
[WhiteTeam "Unichess Reserve"]
[BlackTeam "Pankrac II"]
[WhiteTeamCountry "CZE"]
[BlackTeamCountry "CZE"]

1. d4 Nf6 2. c4 g6 3. g3 Bg7 4. Bg2 0-0 5. Nc3 d6 6. Nf3 Nbd7 7. 0-0 e5 8. e4 exd4 9. Nxd4 Re8 10. h3 a6 11. Be3 Rb8 12. Qd2 Ne5 13. Qe2 c5 14. Nc2 b5 15. cxb5 axb5 16. Nxb5 Ba6 17. a4 Qb6 18. Nca3 Nc6 19. Qd2 Nxe4 20. Bxe4 Rxe4 21. Qxd6 Bf8 22. Qd3 Rxa4 0-1

[Event "CZE-chT1W 1920"]
[Site "Czech Republic"]
[Date "2019.11.24"]
[Round "3.6"]
[White "Istona, Martin"]
[Black "Karas, Marek"]
[Result "1/2-1/2"]
[WhiteElo "2250"]
[BlackElo "2226"]
[PlyCount "26"]
[EventDate "2019.10.20"]
[EventType "team-tourn"]
[EventRounds "11"]
[EventCountry "CZE"]
[SourceTitle "CBM 193 Extra"]
[Source "ChessBase"]
[SourceDate "2020.01.31"]
[SourceVersion "1"]
[SourceVersionDate "2020.01.31"]
[SourceQuality "1"]
[WhiteTeam "Pankrac"]
[BlackTeam "Praha DP EA Hotels"]
[WhiteTeamCountry "CZE"]
[BlackTeamCountry "CZE"]

1. e4 c6 2. d4 d5 3. Nc3 dxe4 4. Nxe4 Nf6 5. Nxf6+ exf6 6. Bc4 Bd6 7. Qe2+ Qe7 8. Qxe7+ Kxe7 9. Ne2 Bf5 10. c3 Nd7 11. Bf4 Bxf4 12. Nxf4 Rhe8 13. 0-0-0 Kf8 1/2-1/2

[Event "CZE-chT2A 1920"]
[Site "Czech Republic"]
[Date "2019.11.17"]
[Round "3.3"]
[White "Istona, Martin"]
[Black "Vojta, Jakub"]
[Result "1-0"]
[WhiteElo "2269"]
[BlackElo "2214"]
[PlyCount "87"]
[EventDate "2019.10.13"]
[EventType "team-tourn"]
[EventRounds "11"]
[EventCountry "CZE"]
[SourceTitle "EXT 2024"]
[Source "ChessBase"]
[SourceDate "2023.10.10"]
[SourceVersion "1"]
[SourceVersionDate "2023.10.10"]
[SourceQuality "1"]
[WhiteTeam "Pankrac II"]
[BlackTeam "Vlasim II"]
[WhiteTeamCountry "CZE"]
[BlackTeamCountry "CZE"]

1. e4 e6 2. d4 d5 3. e5 c5 4. c3 Nc6 5. Nf3 Qb6 6. a3 a5 7. Bd3 cxd4 8. cxd4 Bd7 9. 0-0 Nxd4 10. Nxd4 Qxd4 11. Nc3 Rc8 12. Qe2 Qb6 13. Kh1 Bc5 14. Nb5 Bxb5 15. Bxb5+ Kf8 16. Bd2 Ne7 17. b4 axb4 18. axb4 Bd4 19. Rac1 h6 20. Bd3 Ra8 21. b5 Ra4 22. Bc2 Ra2 23. Bb3 Rb2 24. Rb1 Rxb1 25. Rxb1 Ng6 26. f4 Ke7 27. Rc1 Kd7 28. f5 exf5 29. Bxd5 Nxe5 30. Bf4 Re8 31. Qc2 g6 32. Rd1 f6 33. h3 Ke7 34. Bxh6 Rh8 35. Bf4 Rd8 36. Qb3 Qc5 37. Bxb7 g5 38. Bc1 Qc4 39. Qb1 Bc5 40. Re1 Bf2 41. Rxe5+ fxe5 42. Bxg5+ Ke8 43. Bc6+ Rd7 44. Bxd7+ 1-0

[Event "Skalica op"]
[Site "Skalica"]
[Date "2019.08.31"]
[Round "9"]
[White "Istona, Martin"]
[Black "Czebe, Attila"]
[Result "1/2-1/2"]
[WhiteElo "2235"]
[BlackElo "2413"]
[PlyCount "50"]
[EventDate "2019.08.25"]
[EventType "swiss"]
[EventRounds "9"]
[EventCountry "SVK"]
[SourceTitle "EXT 2020"]
[Source "ChessBase"]
[SourceDate "2019.10.17"]
[SourceVersion "1"]
[SourceVersionDate "2019.10.17"]
[SourceQuality "1"]

1. e4 c5 2. Nf3 e6 3. d4 cxd4 4. Nxd4 a6 5. Nc3 Qc7 6. Bd3 Nf6 7. f4 b5 8. e5 b4 9. Ne4 Nxe4 10. Bxe4 Bb7 11. Qf3 Nc6 12. Nxc6 Bxc6 13. Bxc6 Qxc6 14. Qxc6 dxc6 15. Be3 0-0-0 16. Ke2 Rd5 17. c4 bxc3 18. bxc3 g5 19. g3 gxf4 20. gxf4 Rb5 21. Rhb1 Rg8 22. Kf3 Be7 23. a4 Rxb1 24. Rxb1 Bd8 25. c4 Bc7 1/2-1/2

[Event "Skalica op"]
[Site "Skalica"]
[Date "2019.08.28"]
[Round "5"]
[White "Havelka, Ondrej"]
[Black "Istona, Martin"]
[Result "0-1"]
[WhiteElo "2112"]
[BlackElo "2235"]
[PlyCount "90"]
[EventDate "2019.08.25"]
[EventType "swiss"]
[EventRounds "9"]
[EventCountry "SVK"]
[SourceTitle "EXT 2020"]
[Source "ChessBase"]
[SourceDate "2019.10.17"]
[SourceVersion "1"]
[SourceVersionDate "2019.10.17"]
[SourceQuality "1"]

1. d4 g6 2. c4 Bg7 3. Nc3 c5 4. d5 d6 5. e4 Nf6 6. Nge2 0-0 7. f3 e6 8. Ng3 exd5 9. cxd5 a6 10. a4 h5 11. Be2 h4 12. Nf1 Nbd7 13. Bg5 h3 14. g3 Qe8 15. Ne3 Nh7 16. Bf4 Ne5 17. 0-0 f5 18. exf5 g5 19. Bxe5 Bxe5 20. Ng4 Bd4+ 21. Kh1 Bxf5 22. Nh6+ Kg7 23. Nxf5+ Rxf5 24. Bd3 Re5 25. Qd2 Qh5 26. Ne4 Rd8 27. g4 Qf7 28. Rae1 Qxd5 29. Ng3 Rxe1 30. Qxe1 Qe5 31. Nf5+ Kh8 32. Nxd4 cxd4 33. Qb4 Rd7 34. Re1 Qf4 35. Be4 Nf6 36. Qxd4 d5 37. Qc3 dxe4 38. fxe4 Rd2 39. Qxh3+ Kg7 40. Qg3 Qxg3 41. hxg3 Rxb2 42. e5 Nxg4 43. Kg1 Kf7 44. Re4 Nf2 45. e6+ Ke7 0-1